[Event "22nd OIBM 2018"]
[Site "Gmund am Tegernsee"]
[Date "2018.10.28"]
[Round "2"]
[White "Pieper, Thomas"]
[Black "Gopal G.N."]
[Result "0-1"]
[WhiteElo "2213"]
[BlackElo "2578"]
[Annotator "TA"]
[PlyCount "68"]
[EventDate "2018.10.27"]
[EventType "swiss"]
[EventCountry "GER"]
[SourceTitle "playchess.com"]
[Source "ChessBase"]
[SourceQuality "1"]

{[%evp 13,68,30,39,0,0,-2,0,-30,-28,-29,-7,-33,0,-56,-48,-37,-6,-30,0,-23,-24,-27,0,-33,-12,-22,-12,-28,0,-52,-38,-72,-44,-67,-44,-376,-370,-328,-240,-220,-245,-338,-252,-470,-339,-333,-332,-415,-335,-1069,-1069,-1069,-1024,-5014,-5010,-29997,-29998]} 1. e4 c5 2. Nf3 d6 3. d4 cxd4 4. Nxd4 Nf6 5. Nc3 a6 6. Bg5 Nbd7 7. Qe2 {B94: Sicilian Najdorf: 6 Bg5 Nbd7} h6 {LiveBook: 248 Games} 8. Be3 (8. Bh4 g6 9. f4 Qc7 10. O-O-O Bg7 11. g4 e5 12. fxe5 Nxe5 13. h3 Be6 14. Qf2 Nfd7 {½-½ (26) Carlsen,M (2842)-Svidler,P (2753) Biel 2018}) 8... e5 $146 ({Predecessor:} 8... e6 9. a4 Qc7 10. g4 b6 11. Bg2 Bb7 12. f4 Nc5 13. Bf2 g5 14. fxg5 hxg5 {0-1 (32) Geshko,A (1976)-Abdusattorov,N (2432) Porto Carras 2015}) 9. Nb3 {The position is equal.} b5 {[%cal Bb7b5,Bb5b4][%mdl 32]} 10. a4 b4 11. Nd5 Nxd5 12. exd5 Be7 13. a5 (13. Qg4 $11) 13... O-O 14. Qd2 Rb8 15. Be2 Bg5 16. O-O Bxe3 17. Qxe3 Nf6 18. Bc4 Bb7 19. Qd3 Qc7 20. Rfd1 Rfe8 21. Ra4 (21. Nd2 $11) 21... Ba8 22. Nd2 (22. Bxa6 Nxd5 23. Rd2 Qa7 $17) 22... e4 $36 {[%mdl 2048] Black is more active.} 23. Qd4 Re5 {[%cal Ra8d5]} 24. f4 $2 {[%mdl 8192] [#]} (24. Raa1 $15) 24... exf3 $1 $19 25. gxf3 Qd7 (25... Nxd5 26. Ne4 $19) 26. Raa1 Rbe8 {[%cal Rf6d5]} ({Resist} 26... Nxd5 27. Re1) (26... Rg5+ 27. Kh1 $17) 27. Nf1 Nxd5 {[%cal Bf6d5,Bd5e3,Be3f1][%mdl 32]} 28. Bxa6 $2 (28. Bxd5 Bxd5 29. f4 Qg4+ 30. Ng3) 28... Qh3 29. Ng3 Ne3 {[%csl Ge3][%cal Rh3g2]} 30. Rd2 Bxf3 31. Bf1 $2 (31. Qf4 Bd5 32. Bb5) 31... Nxf1 32. Rxf1 {[#]} Re2 $1 {[%mdl 512] ( -> ...Qxh2#)} 33. Rxe2 (33. Nxe2 Qg2#) 33... Rxe2 {[%csl Ge2][%cal Rh3h2]} ({Not} 33... Bxe2 34. Re1 $11) 34. Rf2 Re1+ {Precision: White = 15%, Black = 53%.} 0-1

[Event "22nd OIBM 2018"]
[Site "Gmund am Tegernsee"]
[Date "2018.10.28"]
[Round "2"]
[White "Moeldner, Juergen"]
[Black "Santos Latasa, Jaime"]
[Result "0-1"]
[WhiteElo "2209"]
[BlackElo "2572"]
[Annotator "TA"]
[PlyCount "64"]
[EventDate "2018.10.27"]
[EventType "swiss"]
[EventCountry "GER"]
[SourceTitle "playchess.com"]
[Source "ChessBase"]
[SourceQuality "1"]

{[%evp 20,64,0,-39,-37,-50,0,-11,0,0,37,35,46,67,62,35,31,32,58,0,0,0,-2,-7,-14,-247,-266,-263,-260,-268,-269,-270,-266,-322,-325,-505,-434,-443,-397,-1016,-920,-1697,-1621,-29987,-29988,-29996,-29997]} 1. e4 c5 2. Nf3 d6 3. d4 cxd4 4. Nxd4 Nf6 5. Nc3 a6 6. Bg5 Nbd7 7. f4 Qa5 {B94: Sicilian Najdorf: 6 Bg5 Nbd7} 8. Qd2 e6 9. O-O-O b5 {[%cal Bb7b5,Bb5b4][%mdl 32]} 10. Nb3 Qc7 11. Bd3 {LiveBook: 3 Games} b4 12. Ne2 Rb8 $146 ({Predecessor:} 12... a5 13. Nbd4 Be7 14. g4 O-O 15. Bxf6 Bxf6 {0-1 (45) Shah Moradi,M (2161)-Idani,P (2530) Arak 2016}) 13. Kb1 Be7 14. g4 Bb7 15. Ng3 Nxg4 16. Bxe7 Kxe7 17. Rhg1 Ngf6 18. Rde1 Rhc8 19. e5 (19. Qe2 $1 $14) 19... dxe5 $11 20. fxe5 Nxe5 21. Qxb4+ Ke8 $1 22. Rxe5 $2 (22. Nf5 $1 $11 {and White is okay.} exf5 23. Bxf5) 22... Qxe5 $19 23. Re1 Bc6 {[%cal Bb7c6,Bc6b5,Bb5d3][%mdl 32] [#] And now ...Qxg3 would win.} 24. Qd2 Qd5 25. Qf4 Kf8 26. Nd4 Bb5 27. Bxh7 (27. Nxb5 {was called for.} axb5 28. Ne4 Nxe4 29. Bxe4) 27... Rd8 28. c3 Nxh7 29. Re5 $2 {[#]} (29. Nxe6+ Kg8 30. Nxd8 Rxd8 31. Ka1) 29... Bd3+ 30. Kc1 Qxa2 31. Nxe6+ Kg8 32. Nxd8 Qxb2+ {Precision: White = 39%, Black = 66%.} 0-1

[Event "22nd OIBM 2018"]
[Site "Gmund am Tegernsee"]
[Date "2018.10.28"]
[Round "2"]
[White "Sahin, Ozgun"]
[Black "Kulaots, Kaido"]
[Result "1/2-1/2"]
[WhiteElo "2208"]
[BlackElo "2546"]
[Annotator "TA"]
[PlyCount "56"]
[EventDate "2018.10.27"]
[EventType "swiss"]
[EventCountry "GER"]
[SourceTitle "playchess.com"]
[Source "ChessBase"]
[SourceQuality "1"]

{[%evp 16,56,26,12,59,37,84,61,94,91,89,89,81,92,85,91,117,71,281,281,346,333,309,106,93,75,100,123,108,54,56,64,60,60,61,0,97,105,92,0,42,0,93]} 1. e4 c5 2. Nc3 d6 3. g3 Nc6 4. Bg2 g6 5. d3 Bg7 6. Nge2 Rb8 7. O-O b5 {[%cal Bb7b5,Bb5b4][%mdl 32]} 8. f4 b4 {B25: Closed Sicilian: 3 g3, lines without early Be3} 9. Nd5 {LiveBook: 4 Games} f5 10. Ne3 $146 ({Predecessor:} 10. a3 a5 11. axb4 axb4 12. exf5 gxf5 {0-1 (27) Vezzani,S (2183)-Drazic,S (2501) Presolana 2011}) 10... Nd4 {White is slightly better.} 11. a3 b3 12. c3 Nxe2+ 13. Qxe2 Nh6 14. exf5 gxf5 15. Qh5+ Kf8 16. g4 {[%cal Rg4f5]} Nxg4 $2 (16... Qe8 $16 {is a better defense.}) 17. Nxg4 $18 ({Stronger than} 17. Nxf5 Nf6 $11) 17... fxg4 18. f5 Qe8 19. Qxg4 $2 (19. Qh4 $1 $18 {and the rest is easy.} Qf7 20. f6 $1 {[%mdl 512]} (20. Qxg4 Rg8 $11) 20... exf6 21. Bg5 $1 {[%mdl 512]}) 19... h5 $16 {[#]} 20. Qh4 $1 {Black must now prevent f6!} Bf6 21. Bg5 Qf7 22. Rae1 (22. Qa4 $16) 22... Bxg5 $14 23. Qxg5 Qf6 $1 {[%cal Rf6g5]} 24. Qxf6+ exf6 25. Bc6 (25. Bd5 $14) 25... Kf7 (25... Rg8+ $11 26. Kh1 Bb7 27. Bxb7 Rxb7) 26. Bd5+ $16 Kf8 27. Bc6 {Threatens to win with Re8+.} Kf7 28. Bd5+ (28. Rf2 $14) 28... Kf8 {Precision: White = 48%, Black = 51%.} 1/2-1/2

[Event "22nd OIBM 2018"]
[Site "Gmund am Tegernsee"]
[Date "2018.10.28"]
[Round "2"]
[White "Smits, Mark"]
[Black "Chanda, Sandipan"]
[Result "0-1"]
[WhiteElo "2203"]
[BlackElo "2535"]
[Annotator "TA"]
[PlyCount "98"]
[EventDate "2018.10.27"]
[EventType "swiss"]
[EventCountry "GER"]
[SourceTitle "playchess.com"]
[Source "ChessBase"]
[SourceQuality "1"]

{[%evp 23,98,-17,-22,-14,-13,-18,-12,-21,-13,-27,-31,-33,-31,-45,-7,-10,-12,-2,22,26,25,-6,-15,0,0,0,-13,-37,-38,-36,-37,-49,-34,-42,-44,-48,0,0,0,-47,-19,-131,-113,-162,-169,-157,-163,-166,-154,-152,-143,-136,-65,-59,-65,-211,-155,-530,-490,-497,-507,-541,-540,-465,-406,-461,-461,-428,-431,-482,-469,-727,-725,-714,-707,-29984,-29985]} 1. e4 c5 2. Nf3 d6 3. d4 cxd4 4. Nxd4 Nf6 5. Nc3 a6 6. Bg5 e6 7. Qe2 Be7 8. O-O-O {B95: Sicilian Najdorf: 6 Bg5 e6, unusual White 7th moves} (8. f4 h6 9. Bxf6 Bxf6 10. O-O-O Qc7 11. Qd2 Bd7 12. Kb1 b5 13. g4 b4 14. Nce2 Nc6 15. Nf3 Be7 16. h4 a5 {½-½ (48) Jobava,B (2669)-Yilmaz,M (2622) Izmir 2016}) 8... Nxe4 9. Bxe7 Nxc3 10. Bxd8 Nxe2+ 11. Nxe2 Kxd8 12. Rxd6+ Ke7 {LiveBook: 5 Games} 13. Rd2 $1 b5 14. Nd4 Bb7 15. f3 $146 ({Predecessor:} 15. Rg1 Nd7 {½-½ (36) Brueggemann,J (2305)-Bischoff,K (2495) Germany 1992}) 15... Nd7 16. Nb3 Bd5 17. Na5 Rhc8 18. b3 b4 19. Bc4 Nf6 20. Bxd5 exd5 (20... Nxd5 {is more complex.} 21. Nc4 Rc5 22. Rd4 a5 23. Re1 Rac8) 21. Re1+ Kf8 $1 22. Rd4 Rab8 {Hoping for ...Rc5.} 23. a3 $1 bxa3 24. Kd2 Rb5 25. b4 Ne8 26. Ra1 Nc7 $36 {[%mdl 2048] Black has good play.} 27. Rxa3 Ne6 28. Rh4 Kg8 29. Rc3 Rxc3 (29... Re8 {feels hotter.} 30. Nc6 g5 31. Rh5 d4 32. Ra3 Nf4) 30. Kxc3 $15 {[%mdl 4096] Endgame KRN-KRN} g5 31. Rh3 f6 {aiming for ...Nf4.} 32. Nc6 (32. g3 $11 {remains equal.}) 32... Rb7 $17 33. Kd2 {[#]} Nf4 $1 34. Rg3 Rb6 35. b5 Rxb5 36. h4 h6 37. hxg5 hxg5 ({Black should try} 37... fxg5 $17 {Strongly threatening ...a5.} 38. Rg4 Rb6) 38. Rg4 $1 $15 Rb6 39. g3 (39. Na5 $15) 39... Ng6 40. Nd8 $2 (40. Na7 $17) 40... Ne5 $19 41. Ra4 {[#]} Kf8 $1 42. f4 Nc4+ 43. Kc3 Ke8 44. Kd4 Kxd8 45. Kxd5 Ne3+ 46. Kc5 Re6 47. c4 (47. fxg5 $142 fxg5 48. c4) 47... g4 48. Ra3 Kc7 49. Kd4 Nc2+ {Precision: White = 36%, Black = 68%.} 0-1

[Event "22nd OIBM 2018"]
[Site "Gmund am Tegernsee"]
[Date "2018.10.28"]
[Round "2"]
[White "Cordes, Hans-Joerg"]
[Black "Zanan, Evgeny"]
[Result "0-1"]
[WhiteElo "2202"]
[BlackElo "2514"]
[Annotator "TA"]
[PlyCount "100"]
[EventDate "2018.10.27"]
[EventType "swiss"]
[EventCountry "GER"]
[SourceTitle "playchess.com"]
[Source "ChessBase"]
[SourceQuality "1"]

{[%evp 24,100,42,46,52,10,31,27,26,6,43,54,59,71,56,-18,-50,-60,-45,-97,12,-26,37,33,24,13,28,26,39,16,43,46,37,20,29,18,26,5,17,0,0,0,37,0,0,0,0,0,11,-35,-28,-82,-46,-92,-85,-87,-83,-152,-170,-151,-74,-93,-93,-93,-93,-93,-93,-98,-89,-79,-80,-81,-96,-105,-85,-87,-79,-737,-658]} 1. d4 Nf6 2. c4 g6 3. Nc3 Bg7 4. Nf3 O-O 5. Bg5 h6 6. Bh4 d6 7. e3 Nbd7 8. Be2 e5 9. dxe5 dxe5 10. O-O {E61: King's Indian: Early deviations for White, including Smyslov System} Re8 11. Qc2 c6 12. Rad1 Qe7 13. Nd2 {LiveBook: 9 Games} a5 14. Nde4 g5 15. Bg3 $146 ({Predecessor:} 15. Nxf6+ Nxf6 16. Bg3 {½-½ (51) Svensson,S (2273)-Ernst,T (2530) Sweden 2007}) 15... Nxe4 $1 16. Nxe4 {Nd6 is the strong threat.} f5 17. Nd6 f4 18. Nxe8 Qxe8 19. exf4 (19. c5 $1 $14) 19... exf4 $11 20. Bxf4 gxf4 21. Rd6 ({White should play} 21. Bg4 $15) 21... Nf6 ({Black should try} 21... Nc5 $17 22. Rfd1 Be6) 22. Rd4 {[%cal Bd6d4,Bd4f4,Bf4f3,Bf3e3][%mdl 32]} Be6 (22... Qe5 $11 23. Rd8+ Kf7) 23. Rxf4 $14 Bf7 24. Bd3 Rd8 {[%cal Ba8d8,Bd8d4,Bd4f4][%mdl 32]} 25. Rf3 Ng4 26. Bf5 Rd4 27. b3 Qe7 28. h3 Ne5 29. Re3 {Threatens to win with f4.} Qd6 30. Rg3 Kf8 31. Qc3 Rf4 32. Qc2 $1 ({Reject} 32. Qxa5 Rxf5 33. Qa8+ Be8 $17) 32... Rd4 33. Qc3 b6 34. Qe3 c5 35. Bc2 Nc6 36. Qf3 Rf4 37. Qd3 (37. Qd1 $11 {keeps the balance.} Bd4 38. Rf3) 37... Qxd3 38. Bxd3 Bd4 39. Rg4 Rf6 $1 {[%mdl 1024] Black has strong compensation.} 40. Be4 (40. Bb1 $142) 40... Ne5 41. Rh4 {[#]} Be8 (41... Nxc4 $142 $1 {[%mdl 512]} 42. bxc4 Bxc4) 42. g3 h5 $1 43. Kg2 {[#]} Ng6 $1 {[%cal Rg6h4]} 44. Bxg6 Bxg6 45. f4 {[%cal Bf2f4,Bf4f5][%mdl 32]} Re6 46. f5 Re2+ 47. Kf3 Re3+ 48. Kf4 {[#]} Be8 $1 49. g4 Re2 50. g5 $2 {[%mdl 8192]} (50. Kg5 $17) 50... Rf2+ {Precision: White = 37%, Black = 61%.} 0-1

[Event "22nd OIBM 2018"]
[Site "Gmund am Tegernsee"]
[Date "2018.10.28"]
[Round "2"]
[White "Nagel, Bernhard"]
[Black "Repka, Christopher"]
[Result "0-1"]
[WhiteElo "2191"]
[BlackElo "2494"]
[Annotator "TA"]
[PlyCount "102"]
[EventDate "2018.10.27"]
[EventType "swiss"]
[EventCountry "GER"]
[SourceTitle "playchess.com"]
[Source "ChessBase"]
[SourceQuality "1"]

{[%evp 11,102,2,12,5,8,0,-4,-5,8,8,0,9,0,-26,-10,-52,-60,-41,-45,-33,0,-18,0,0,0,0,0,0,0,0,0,0,0,-21,0,-12,7,7,9,-37,0,-36,-37,-40,-36,-28,-35,-283,-283,-574,-476,-476,-283,-283,-271,-283,-282,-282,-225,-247,0,-225,-225,-225,-225,-225,-225,-225,-219,-219,-211,-212,-212,-418,-412,-380,-258,-582,-564,-547,-495,-1370,-1302,-1515,-1243,-5912,-6462,-2266,-1081,-4139,-5197,-6211,-2252]} 1. d4 Nf6 2. c4 e6 3. Nf3 Bb4+ 4. Nbd2 O-O 5. g3 c5 (5... b6 6. Bg2 Bb7 7. O-O Re8 8. b3 a5 9. a3 Bxd2 10. Qxd2 d6 11. a4 Nbd7 12. Bb2 e5 13. d5 Nc5 14. Qc2 Bc8 15. Nd2 Bg4 {0-1 (66) Vitiugov,N (2724)-Najer,E (2707) Tbilisi 2017}) 6. a3 {E11: Bogo-Indian} Bxd2+ $1 {LiveBook: 6 Games} 7. Bxd2 cxd4 8. Nxd4 {The position is equal.} d5 9. cxd5 $146 ({Predecessor:} 9. Bg2 e5 10. Nb5 a6 11. Nc3 dxc4 12. O-O Nbd7 13. Be3 Ng4 14. Nd5 Nxe3 15. Nxe3 Nb6 {1-0 (50) Lopez Falcon,J (2152)-Toledo,J (1864) Montevideo 2017}) 9... e5 (9... Qxd5 $5 10. Nf3 $8 Nc6 $11) 10. Nf3 e4 11. Nd4 Qxd5 12. e3 Bg4 13. Qa4 Nc6 14. Nxc6 bxc6 15. Qc4 Qh5 16. Be2 Rad8 17. Bc3 Nd5 18. Bxg4 Qxg4 19. Qe2 Qh3 20. Bd4 Rd7 21. Qf1 Qe6 22. Qg2 f5 23. Qh3 c5 24. Bxc5 Rc8 25. Rc1 a5 {[#] Strongly threatening ...Rdc7.} 26. O-O Rdc7 $36 {[%mdl 2048] Black has the initiative.} 27. b4 axb4 28. axb4 Nxb4 29. Bxb4 $2 (29. Rb1 $15 Nd3 30. Bd4) 29... Rxc1 $19 30. Bd2 $2 (30. Ba3 R1c2 31. Qh4) 30... Rxf1+ 31. Qxf1 {[%mdl 4096] Endgame KQR-KQB} Qc4 (31... Qa2 $142 32. Bb4 Rc2) 32. Qa1 Qc2 33. Qa5 Qc5 34. Qa6 Qc6 35. Qa2+ Qc4 $2 (35... Kh8 $19 {And now ...Qc2 would win.} 36. Qf7 Qf6) 36. Qa5 $2 (36. Qa1 $1 $11 {and White is okay.} h6 37. Kg2) 36... Qe6 37. Kg2 h6 38. Bc3 Kh7 39. Bd4 Qg6 40. Qb5 Rf8 41. h3 Qh5 42. Qb2 $2 (42. Qd7 Qf7 43. Qc6) 42... Qf3+ 43. Kh2 Rf7 44. h4 $2 (44. Bc3 {is tougher.}) 44... Rd7 {Black is clearly winning.} 45. Qc2 {[#]} f4 $1 46. gxf4 (46. Qd2 $142 g5 47. hxg5) (46. exf4 Rxd4) 46... Rd6 {( -> ...Rg6)} 47. f5 Qxf5 48. f4 Qg4 49. Qf2 Ra6 (49... Rc6 $142 50. f5 Qd1) 50. Bc3 Rc6 51. Bb2 Qd1 {Precision: White = 42%, Black = 64%.} (51... Qc8 $142 52. Bd4 Rc2 53. Qxc2 Qxc2+ 54. Kg3 Kg6) 0-1

[Event "22nd OIBM 2018"]
[Site "Gmund am Tegernsee"]
[Date "2018.10.28"]
[Round "2"]
[White "Lederle, Vitus"]
[Black "Sanal, Vahap"]
[Result "0-1"]
[WhiteElo "2190"]
[BlackElo "2487"]
[Annotator "TA"]
[PlyCount "72"]
[EventDate "2018.10.27"]
[EventType "swiss"]
[EventCountry "GER"]
[SourceTitle "playchess.com"]
[Source "ChessBase"]
[SourceQuality "1"]

{[%evp 26,72,41,22,32,27,66,7,7,8,0,0,37,-72,-23,-54,-56,-115,-112,-112,-114,-112,-67,-75,-64,-69,-78,-85,-92,-104,-68,-108,-96,-125,-118,-116,-85,-480,-463,-493,-488,-533,-514,-704,-679,-716,-502,-29988,-29989]} 1. e4 e5 2. Nf3 Nc6 3. Bc4 Bc5 4. c3 Nf6 5. d3 d6 6. h3 a6 7. Bb3 Ba7 8. Nbd2 O-O 9. O-O Ne7 10. Re1 Ng6 11. Nf1 Re8 12. Ng3 h6 13. d4 {C54: Giuoco Piano: 4 c3 Nf6, main lines with 5 d4 and 5 d3} c6 (13... Qe7 14. Be3 Bd7 {0-1 (48) Volokitin,A (2628)-Mamedyarov,S (2799) Riadh 2017}) 14. Bc2 {LiveBook: 39 Games} Be6 15. Be3 {White is slightly better.} Qc7 16. Nh2 ({White should try} 16. Qd2 $14) 16... Rad8 $11 17. Ng4 $146 ({Predecessor:} 17. Qc1 d5 18. dxe5 Bxe3 19. Qxe3 Nxe5 {0-1 (31) Shen,Y (2380)-Zhukova,N (2432) Ekaterinburg 2006}) 17... Nxg4 18. hxg4 d5 19. exd5 (19. g5 $1 $14) 19... Rxd5 20. Bb3 Rdd8 21. Bxe6 (21. Nf5 $15) 21... Rxe6 $17 22. Qa4 exd4 23. Bxd4 Rxe1+ 24. Rxe1 Bxd4 25. cxd4 Nf4 26. Nf5 Ne6 27. Re4 Rd5 28. Qb3 g6 29. Nxh6+ Kg7 30. Qe3 {White wants to play Nxf7!} Qd7 {[%cal Rd5d4]} 31. f4 $2 {[%mdl 8192] [#]} (31. g5 $17) 31... Kxh6 $19 32. f5+ Ng5 33. Re8 Rxd4 34. Qe5 {aiming for Rh8+.} Rd1+ 35. Kh2 {With the idea Rh8+.} f6 36. Qxf6 {[#]} (36. Rh8+ $19 Kg7 37. Qb8 Qd6+ 38. Qxd6 Rxd6 39. Re8) 36... Qxe8 {Precision: White = 22%, Black = 53%.} 0-1

[Event "22nd OIBM 2018"]
[Site "Gmund am Tegernsee"]
[Date "2018.10.28"]
[Round "2"]
[White "Schaefer, Michael"]
[Black "Baldauf, Marco"]
[Result "0-1"]
[WhiteElo "2185"]
[BlackElo "2472"]
[Annotator "TA"]
[PlyCount "72"]
[EventDate "2018.10.27"]
[EventType "swiss"]
[EventCountry "GER"]
[SourceTitle "playchess.com"]
[Source "ChessBase"]
[SourceQuality "1"]

{[%evp 26,72,7,0,38,39,50,-23,-18,-20,-18,-93,-69,-69,-50,-96,-78,-122,-97,-161,-116,-105,0,-164,-171,-172,-172,-162,-165,-165,-161,-168,-161,-161,-150,-315,-308,-470,-468,-420,-438,-391,-296,-546,-477,-964,-891,-882,-847]} 1. d4 Nf6 2. Nf3 g6 3. c4 Bg7 4. Nc3 d5 5. cxd5 Nxd5 6. e4 Nxc3 7. bxc3 c5 8. Be3 Bg4 9. Bb5+ Nc6 10. O-O O-O 11. Bxc6 bxc6 12. Rc1 {D85: Exchange Grünfeld: Unusual White 7th moves and lines with 7 Nf3} Qa5 13. Qc2 Bxf3 14. gxf3 {LiveBook: 3 Games. The position is equal.} cxd4 (14... c4 15. Qe2 Qa4 16. Rb1 Rab8 17. Rfc1 Rfd8 18. e5 e6 19. Rb4 Rxb4 20. cxb4 Qxb4 21. Qxc4 {½-½ (53) Paravyan,D (2629)-Artemiev,V (2706) Sochi 2018}) 15. cxd4 Qh5 16. Qxc6 $146 (16. Kg2 $14) ({Predecessor:} 16. e5 Rfc8 17. Qe4 f5 18. exf6 Bxf6 19. Rxc6 Qf5 {½-½ (42) Hagendorfer,C-Claus,C Innsbruck 1987}) 16... Qxf3 $11 {Strongly threatening ...e5.} 17. e5 Qf5 18. f4 (18. a4 $11 {remains equal.}) 18... Rab8 19. Qg2 Rb5 20. Rc5 Rfb8 21. Rfc1 Bh6 22. Qc2 (22. Qf3 $17) 22... Qg4+ 23. Qg2 Qf5 (23... Qd7 $17) 24. Qc2 $1 $19 Bxf4 25. Qxf5 {[#] Threatening mate with Rc8+.} Bxe3+ 26. Qf2 Bxf2+ 27. Kxf2 {[%mdl 4096] Endgame KRR-KRR} Rb2+ 28. R1c2 e6 29. Ke3 R8b4 30. Rxb2 $2 {[#]} (30. Kd3 $17) 30... Rxb2 $17 {KR-KR} 31. Ra5 (31. d5 {might work better.} exd5 32. Rxd5) 31... Rxh2 $19 32. Rxa7 g5 33. a4 Ra2 34. a5 $2 (34. Ra5) 34... h5 {[%cal Bh7h5,Bh5h4][%mdl 32] Black is clearly winning.} 35. a6 (35. d5 $142 exd5 36. Ra6) 35... Ra3+ 36. Kf2 h4 {Precision: White = 24%, Black = 55%.} 0-1

[Event "22nd OIBM 2018"]
[Site "Gmund am Tegernsee"]
[Date "2018.10.28"]
[Round "2"]
[White "Kannenberg, Karl-Heinz"]
[Black "Perske, Thore"]
[Result "0-1"]
[WhiteElo "2182"]
[BlackElo "2454"]
[Annotator "TA"]
[PlyCount "114"]
[EventDate "2018.10.27"]
[EventType "swiss"]
[EventCountry "GER"]
[SourceTitle "playchess.com"]
[Source "ChessBase"]
[SourceQuality "1"]

{[%evp 9,114,11,24,10,19,-6,20,0,0,7,19,15,13,5,16,0,-5,-12,-8,-8,-8,-10,-12,-16,-11,-40,-4,-7,16,16,20,6,19,0,16,10,10,4,10,6,12,12,9,-8,-10,-10,0,-22,0,0,0,-14,0,0,0,0,0,0,0,-13,-12,-11,-16,-91,-61,-59,-59,-51,-42,-74,-77,-28,-4,-8,-6,-4,-8,-8,-4,-8,-2,-16,-12,-148,-148,-196,-56,-206,-11,-11,-11,-11,-11,-11,-11,-11,-11,-11,-11,-279,-181,-181,-181,-221,-221,-568,-545]} 1. e4 e5 2. Nf3 Nc6 3. Bc4 Bc5 4. d3 Nf6 5. Nc3 a6 {LiveBook: 70 Games} 6. a4 {C50: Hungarian Defence and Giuoco Pianissimo} (6. Nd5 Nxd5 7. Bxd5 d6 8. c3 O-O 9. b4 Ba7 10. a4 h6 11. Be3 Ne7 12. Bb3 Ng6 13. O-O Kh8 14. Bxa7 Rxa7 {½-½ (56) Karjakin,S (2782)-Aronian,L (2764) Leuven 2018}) 6... d6 7. Be3 O-O $146 ({Predecessor:} 7... Nd4 8. h3 Be6 9. Nd5 c6 10. Nxf6+ Qxf6 11. Bxe6 Nxf3+ 12. Qxf3 Qxf3 13. gxf3 fxe6 14. Bxc5 dxc5 {0-1 (54) Hrabal,M (2080)-Bes,M (2070) Valasska Bystrice 2016}) 8. Nd5 {The position is equal.} Nxd5 9. Bxd5 Ne7 10. Bb3 Ng6 11. Qd2 Bg4 12. Bg5 Qd7 13. Nh4 Nxh4 14. Bxh4 Be6 15. Bxe6 Qxe6 16. f3 d5 17. Bf2 Bd6 18. O-O c5 19. exd5 Qxd5 20. Qc3 Rfd8 21. Rfe1 f6 22. Qc4 Qxc4 23. dxc4 Bf8 24. Rad1 Kf7 25. Kf1 Be7 26. Rd3 Rxd3 27. cxd3 $11 {[%mdl 4096] Endgame KRB-KRB} h5 28. Ra1 Ke6 29. a5 Kd7 30. Ra4 Kc6 31. Ke2 Bd6 32. Ra1 Re8 33. Rb1 f5 34. g3 g5 35. Be3 g4 36. Kf2 (36. Bd2 $11) 36... f4 37. Bd2 fxg3+ 38. hxg3 Rf8 39. Rh1 Rxf3+ 40. Ke2 Rxg3 {aiming for ...e4!} 41. Rxh5 Rh3 42. Rg5 {[#]} e4 $1 {[%mdl 512]} 43. Rxg4 (43. dxe4 Rh2+) 43... exd3+ 44. Kf2 $1 Be5 45. Rg6+ Kd7 46. Rb6 (46. b3 $1 $11) 46... Kc7 $17 47. Rb3 Bg3+ (47... Kc8 $19 48. Rb6 Rh4) 48. Kg1 {[#]} (48. Kf3 $15) 48... Kc8 $2 (48... Be1 $1 $19 {[%cal Re1d2][%mdl 512]} 49. Bxe1 {[#]} d2 $1 {[%mdl 512]} 50. Rxb7+ Kxb7 51. Bxd2 Rh4) 49. Kg2 $11 Rh2+ 50. Kxg3 Rxd2 {KR-KR} 51. Kf4 Rc2 {Hoping for ...d2.} 52. Rxd3 Rxc4+ 53. Ke5 $1 Ra4 54. Rh3 $2 {[%mdl 8192]} (54. Ra3 $11 {and White has nothing to worry.} Rb4 55. Rc3) 54... Rxa5 $19 55. Kd6 {[%cal Rh3h8]} Kb8 56. b3 Ka7 57. Kc7 $2 {[#]} (57. Kd5) 57... c4 $1 {Precision: White = 37%, Black = 46%.} 0-1